• 首页
  • 本馆介绍
  • 公告通知
  • 最新文献
  • 馆藏检索
  • 电子资源
  • 读者导购
  • 参考咨询
  • 我的图书馆
  • 登录
  • 详细信息显示
  • 放入我的书架
  • 预约/预借图书
  • 作者相关作品
  • 分类相关作品
  • 丛书相关作品
  • 出版社相关作品

书目信息

  • 表格格式
  • 工作单格式
  • 卡片格式
题名:
高校科研人员薪酬体系与科研热情研究
    
 
作者: 闫淑敏 , 张煜良 , 夏青 著
分册:  
出版信息: 上海   同济大学出版社  2021.1
页数: 204页
开本: 25cm
丛书名:
单 册:
中图分类: G316
科图分类:
主题词: 高等学校--科研人员--劳动报酬--研究
电子资源:
ISBN: 978-7-5608-9579-6
000 01708nam0 2200289 45
001 012001003991
005 20140926092033.0
010    @a978-7-5608-9579-6@dCNY88.00
100    @a20210120d2021 em y0chiy0110 ea
101 0  @achi
102    @aCN@b310000
105    @aak az 000yy
106    @ar
200 1  @a高校科研人员薪酬体系与科研热情研究@Agao xiao ke yan ren yuan xin chou ti xi yu ke yan re qing yan jiu@f闫淑敏, 张煜良, 夏青著
210    @a上海@c同济大学出版社@d2021.1
215    @a204页@c图@d25cm
312    @a封面题英文并列题名:Research on compensation system and research passion of college researchers
320    @a有书目(第189-196页)
330    @a本书本书通过文献资料收集整理和分析、大样本问卷调查及数据分析、深度访谈及编码等研究方法,对高校科研人员薪酬体系和科研热情进行研究,为高校科研人员薪酬体系改革提供了依据。研究过程中对我国高校薪酬体系的发展进行了梳理总结;对比国内国外高校薪酬制度;调查了高校科研人员的薪酬收入现状以及对薪酬的满意度;分析了薪酬与创新的相关性;调查分析了国外高校科研人员的薪酬体系现状,并总结分析了现有薪酬体系存在的问题;对高校科研人员进行了深度访谈,通过深度访谈和文献研究,对高校科研人员的科研热情和科研压力模型进行分析,并研究了科研压力和科研热情之间的关系;通过扎根理论方法,研究高校科研人员创新激励要素,构建创新激励模型;基于创新激励的薪酬要素研究和薪酬激励政策建议为实行以增加知识价值为导向分配政策提供理论和实践支撑。
510 1  @aResearch on compensation system and research passion of college researchers@zeng
606 0  @a高等学校@x科研人员@x劳动报酬@x研究
690    @aG316@v5
701  0 @a闫淑敏@Ayan shu min@4著
701  0 @a张煜良@Azhang yu liang@4著
701  0 @a夏青@Axia qing@4著
801    @aCN@bAHXH@c20210922
905    @b1328854-8@dG316@e31@f5
    
    高校科研人员薪酬体系与科研热情研究/闫淑敏, 张煜良, 夏青著.-上海:同济大学出版社,2021.1
    204页:图;25cm
    
    
    ISBN 978-7-5608-9579-6:CNY88.00
    本书本书通过文献资料收集整理和分析、大样本问卷调查及数据分析、深度访谈及编码等研究方法,对高校科研人员薪酬体系和科研热情进行研究,为高校科研人员薪酬体系改革提供了依据。研究过程中对我国高校薪酬体系的发展进行了梳理总结;对比国内国外高校薪酬制度;调查了高校科研人员的薪酬收入现状以及对薪酬的满意度;分析了薪酬与创新的相关性;调查分析了国外高校科研人员的薪酬体系现状,并总结分析了现有薪酬体系存在的问题;对高校科研人员进行了深度访谈,通过深度访谈和文献研究,对高校科研人员的科研热情和科研压力模型进行分析,并研究了科研压力和科研热情之间的关系;通过扎根理论方法,研究高校科研人员创新激励要素,构建创新激励模型;基于创新激励的薪酬要素研究和薪酬激励政策建议为实行以增加知识价值为导向分配政策提供理论和实践支撑。
●
相关链接 在E读中查询图书 在五车中查询图书 在当当中查询图书 在豆瓣中查询图书


正题名:高校科研人员薪酬体系与科研热情研究     索取号:G316/31         预约/预借

序号 登录号 条形码 馆藏地/架位号 状态 备注
1 1328854   213288547   第一样本阅览室/ [索取号:G316/31] 在馆    
2 1328855   213288556   教育系资料室/ [索取号:G316/31] 在馆    
3 1328856   213288565   教育系资料室/ [索取号:G316/31] 在馆    
4 1328857   213288574   第四借阅区/ [索取号:G316/31] 在馆    
5 1328858   213288583   第四借阅区/ [索取号:G316/31] 在馆    
唐山师范学院图书馆 欢迎您!
大连网信软件有限公司© 版权所有